| 000 | 00382nam a22001697a 4500 | ||
|---|---|---|---|
| 005 | 20160625164200.0 | ||
| 008 | 160625b xxu||||| |||| 00| 0 eng d | ||
| 020 | _a81-203-1409-3 | ||
| 041 | _aeng | ||
| 082 | _b10321 | ||
| 100 |
_aLockwood, Georgene _92823 |
||
| 245 | _aOrganizing Your Life | ||
| 260 |
_bPHI _c1998 |
||
| 300 | _a276 | ||
| 650 |
_aManagement _9241 |
||
| 942 | _cBK | ||
| 999 |
_c4084 _d4083 |
||